[Event "Warsaw op 04"]
[Site "Warsaw"]
[Date "2009.06.11"]
[Round "10"]
[White "Wojcik, Wieslaw"]
[Black "Kuracki, Marek"]
[Result "1/2-1/2"]
[WhiteElo "1970"]
[BlackElo "1897"]
[PlyCount "97"]
[EventDate "2009.04.07"]
[EventType "swiss"]
[EventRounds "11"]
[EventCountry "POL"]
[SourceTitle "EXT 2012"]
[Source "ChessBase"]
[SourceDate "2011.11.24"]
[SourceVersion "1"]
[SourceVersionDate "2011.11.24"]
[SourceQuality "1"]

1. d4 f5 2. c4 Nf6 3. Nc3 g6 4. Bg5 Bg7 5. Qd2 0-0 6. f3 d6 7. e4 Nc6 8. 0-0-0 e5 9. d5 Ne7 10. Be2 a6 11. h4 f4 12. Bxf6 Bxf6 13. h5 g5 14. g3 h6 15. gxf4 exf4 16. Bf1 Bd7 17. Bh3 b5 18. Nge2 Bxh3 19. Rxh3 bxc4 20. Nd4 Qd7 21. Rh2 Kh8 22. Qe2 Nc8 23. Qxc4 Nb6 24. Qd3 Qf7 25. Nf5 Bg7 26. Ne2 Nd7 27. Ned4 Bxd4 28. Qxd4+ Kh7 29. Rd3 Ne5 30. Rc3 Rfc8 31. Rhc2 Rab8 32. Nxd6 cxd6 33. Rxc8 Rxc8 34. Rxc8 Qxh5 35. Qa7+ Nf7 36. Qf2 Kg6 37. Rc6 Qh1+ 38. Kc2 a5 39. Ra6 h5 40. Qe2 h4 41. e5 h3 42. Qd3+ Kg7 43. Ra7 Qg2+ 44. Kb3 dxe5 45. Ka3 h2 46. Qe4 Kf6 47. Ra6+ Kg7 48. Ra7 Kf6 49. Rxf7+ 1/2-1/2

[Event "Warsaw op 04"]
[Site "Warsaw"]
[Date "2009.05.25"]
[Round "6"]
[White "Kuracki, Marek"]
[Black "Sielicki, Tomasz"]
[Result "1-0"]
[WhiteElo "1897"]
[BlackElo "2047"]
[PlyCount "119"]
[EventDate "2009.04.07"]
[EventType "swiss"]
[EventRounds "11"]
[EventCountry "POL"]
[SourceTitle "EXT 2012"]
[Source "ChessBase"]
[SourceDate "2011.11.24"]
[SourceVersion "1"]
[SourceVersionDate "2011.11.24"]
[SourceQuality "1"]

1. Nf3 Nf6 2. b3 g6 3. Bb2 Bg7 4. g3 0-0 5. Bg2 c5 6. c4 Nc6 7. 0-0 d6 8. d4 cxd4 9. Nxd4 Qb6 10. Nxc6 bxc6 11. Nc3 Bg4 12. h3 Be6 13. Qd2 Rfd8 14. Na4 Qa6 15. Rac1 Rab8 16. Rfd1 h5 17. e4 Kh7 18. Qe3 Bh6 19. f4 Nd7 20. Qf3 Nb6 21. Nxb6 Qxb6+ 22. Bd4 c5 23. Be3 Qa6 24. Rd2 Qc8 25. Kh2 a5 26. f5 Bxe3 27. Qxe3 Bd7 28. Qg5 Re8 29. fxg6+ fxg6 30. Rf1 Be6 31. Rdf2 Rg8 32. Qxe7+ Rg7 33. Qxd6 Rbb7 34. e5 Bf5 35. Bxb7 Qxb7 36. Rxf5 gxf5 37. Rxf5 a4 38. Rxh5+ Kg8 39. Qd5+ Qxd5 40. cxd5 axb3 41. axb3 Rb7 42. Rf5 Rxb3 43. e6 Re3 44. Rf7 c4 45. Rc7 c3 46. h4 Rd3 47. Kh3 Rxd5 48. Rxc3 Re5 49. Rc6 Kg7 50. Kg4 Re4+ 51. Kg5 Re5+ 52. Kf4 Re1 53. Kf5 Kf8 54. Rc8+ Ke7 55. Rc7+ Ke8 56. h5 Rf1+ 57. Kg5 Re1 58. h6 Re5+ 59. Kf6 Rh5 60. Rc8# 1-0

[Event "Warsaw Elo-B"]
[Site "Warsaw"]
[Date "2008.01.23"]
[Round "4"]
[White "Kuracki, Marek"]
[Black "Jozwik, Jacek"]
[Result "0-1"]
[WhiteElo "1958"]
[BlackElo "2047"]
[PlyCount "122"]
[EventDate "2008.01.02"]
[EventType "tourn"]
[EventRounds "13"]
[EventCountry "POL"]
[SourceTitle "EXT 2010"]
[Source "ChessBase"]
[SourceDate "2010.11.25"]
[SourceVersion "1"]
[SourceVersionDate "2010.11.25"]
[SourceQuality "1"]

1. Nf3 Nf6 2. g3 b6 3. Bg2 Bb7 4. 0-0 e6 5. c4 Be7 6. Nc3 c5 7. d4 cxd4 8. Nb5 0-0 9. Bf4 d6 10. Bd2 e5 11. Ne1 Bxg2 12. Nxg2 a6 13. Na3 Nc6 14. Qc2 Qd7 15. f3 Rfc8 16. e4 dxe3 17. Bxe3 Rab8 18. Rad1 d5 19. cxd5 Nb4 20. Qe2 Nfxd5 21. Bf2 Qe6 22. Rfe1 Bf6 23. Nc4 Nxa2 24. Nxe5 Nab4 25. f4 Bxe5 26. fxe5 Rc2 27. Qe4 Rxb2 28. Nf4 Nxf4 29. gxf4 Qg4+ 30. Kf1 Qh3+ 31. Kg1 Qg4+ 32. Kf1 a5 33. Qb7 Qc8 34. Qxc8+ Rxc8 35. Bxb6 a4 36. f5 a3 37. e6 fxe6 38. fxe6 Rxh2 39. Kg1 Rh6 40. Bd8 Kf8 41. e7+ Ke8 42. Rf1 Rf6 43. Rxf6 gxf6 44. Ba5 Nc6 45. Bc3 Kxe7 46. Re1+ Kf7 47. Rf1 Rg8+ 48. Kh2 Rg6 49. Ra1 Ke6 50. Rxa3 Ne5 51. Ra7 h6 52. Ra6+ Kf5 53. Ra5 Rg4 54. Kh3 h5 55. Ra6 Re4 56. Ba1 Re3+ 57. Kg2 h4 58. Kf2 Ng4+ 59. Kg1 h3 60. Ra5+ Kg6 61. Kf1 h2 0-1

[Event "Warsaw Elo-B"]
[Site "Warsaw"]
[Date "2008.01.09"]
[Round "2"]
[White "Kuracki, Marek"]
[Black "Solnicki, Michal"]
[Result "1/2-1/2"]
[WhiteElo "1958"]
[BlackElo "1982"]
[PlyCount "55"]
[EventDate "2008.01.02"]
[EventType "tourn"]
[EventRounds "13"]
[EventCountry "POL"]
[SourceTitle "EXT 2010"]
[Source "ChessBase"]
[SourceDate "2010.11.25"]
[SourceVersion "1"]
[SourceVersionDate "2010.11.25"]
[SourceQuality "1"]

1. Nf3 Nf6 2. g3 g6 3. Bg2 Bg7 4. d4 0-0 5. 0-0 d6 6. Re1 Bg4 7. e4 c6 8. h3 Bxf3 9. Qxf3 e5 10. dxe5 dxe5 11. Bg5 Nbd7 12. Nd2 Qe7 13. Qb3 b5 14. Rad1 Rfd8 15. Bf1 h6 16. Be3 Bf8 17. c4 a6 18. a3 Nc5 19. Qc2 Ne8 20. b4 Ne6 21. Nb3 Rac8 22. Bb6 Rxd1 23. Rxd1 Nd6 24. Bc5 Qc7 25. Be3 Bg7 26. Nc5 Nxc5 27. Bxc5 Nb7 28. Be3 1/2-1/2